000 00481nam a2200193 a 4500
001 1765940787620
003 ACL
005 20251217083817.0
008 251217s2004##################000#0#eng##
020 _a9781741144765
082 0 4 _a641.5
_bHEW
100 1 _aHewitson, Iain,
_eauthor.
245 1 0 _aTales and Recipes from a Travelling Cook :
260 _bAllen & Unwin,
_c2004.
300 _a362 pages
650 0 _aCooking.
942 _cENGLISH
040 _aACL
_beng
_cACL
999 _c602864
_d602864